| 000 | 00755nam a2200229 i 4500 | ||
|---|---|---|---|
| 001 | 47361 | ||
| 003 | ES-MaACL | ||
| 005 | 20250620063013.0 | ||
| 007 | t| | ||
| 008 | 030407m19561965sp a ||||1| spa d | ||
| 080 | _a821.134.2-94"19" | ||
| 080 | _a929 Corbera Fradera, Carolina | ||
| 100 | 1 |
_aCorbera Fradera, Carolina, _d1926-1979 _940459 |
|
| 245 | 1 | 3 |
_aLa barquita de mi pensamiento / _cpor Carolina Corbera Fradera. |
| 260 |
_a[Madrid] : _bLincor, _c1956-1965. |
||
| 300 |
_a13 v. : _bil. col. ; _c27 cm. |
||
| 500 | _aSon los tomos: I-III, V-VI, VIII-XII. | ||
| 650 | 4 |
_aDiarios íntimos. _9145848 |
|
| 852 |
_aES-MaACL _j2288-F-4-13 _xOlim P-463 |
||
| 852 |
_aES-MaACL _j2288-F-1-3 _zSólo T. IX, XI y XII |
||
| 999 |
_c47361 _d47361 |
||